000
00242nam a2200109Ia 4500
005
20251222114341.0
008
251222s1900||||xx |||||||||||||| ||spa||
082
_a
DVD0111/H53/2005
245
0
_a
Bob Esponja
264
_b
Nickelodeon
942
_c
DVD
999
_c
844
_d
844